LEADER 01077nas 2200385 a 450 001 996216438303316 005 20221206111853.0 011 $a1872-9657 035 $a(OCoLC)38492378 035 $a(CKB)954925516542 035 $a(CONSER) 2004233049 035 $a(DE-599)ZDB2023320-6 035 $a(EXLCZ)99954925516542 100 $a19980223a19779999 sy a 101 0 $aeng 135 $aurmnu||||| 200 10$aAdvances in water resources$b[e-journal] 210 $a[England] $cElsevier Science Ltd 300 $aRefereed/Peer-reviewed 311 $a0309-1708 517 1 $aAdv. water resources 531 $aADV. WATER RES 531 $aADV WATER RESOUR 531 $aADV WATER R 531 0 $aAdv. water resour. 531 $aADV. WATER RESOUR 606 $aHydraulic engineering$vPeriodicals 606 $aHydrodynamics$vPeriodicals 608 $aPeriodicals. 615 0$aHydraulic engineering 615 0$aHydrodynamics 906 $aJOURNAL 912 $a996216438303316 996 $aAdvances in water resources$9802435 997 $aUNISA LEADER 00851cam0-22003131i-450 001 990007534990403321 005 20260129124510.0 035 $a000753499 035 $aFED01000753499 035 $a(Aleph)000753499FED01 100 $a20030814d1912----km-y0itay50------ba 101 0 $aita 102 $aIT 105 $aaf------001yy 200 1 $a<>Cirenaica$fPietro Mamoli 210 $aNapoli$cSoc. Africana d'Italia$d1912 215 $a102 p., [6] c. di tav.$cill.$d24 cm 610 0 $aLibia$aCirenaica 676 $a325.34509612$v19$zita 700 1$aMamoli,$bPietro$0417796 801 0$aIT$bUNINA$gRICA$2UNIMARC 901 $aBK 912 $a990007534990403321 952 $aF-03-025$bI.G. 1759$fILFGE 952 $aA AGR 1597$b14296/2024$fFAGBC 959 $aILFGE 959 $aFAGBC 996 $aCirenaica$9685040 997 $aUNINA